000 00672aam a2200241 4500
005 20260324190613.0
008 150727b2007 xxu||||| |||| 00| 0 spa d
020 _a978997705638
041 _aESP
082 _a364.36 B957s
100 _aBurgos Mata, Álvaro
_91161
245 _aSegundas oportunidades en materia penal juvenil: la suspensión del proceso a prueba
260 _aCosta Rica
260 _bSapiencia
260 _c2007
300 _a144 páginas
490 _aInvestigación Criminal
650 _aDELINCUENCIA JUVENIL
650 _aDERECHO PENAL
650 _aPROCESO A PRUEBA
650 _aLEY DE JUSTICIA PENAL JUVENIL
942 _cBK
_2ddc
999 _c6549
_d6549